| 000 | 00856nam a22002057a 4500 | ||
|---|---|---|---|
| 005 | 20250724150208.0 | ||
| 010 | _aHIN-102332 | ||
| 020 |
_c200.00 _a9789391791506 |
||
| 020 |
_a9789391791506 _c200.00 |
||
| 035 | _aHN-102332 | ||
| 037 | _bDBAD | ||
| 082 | _aक | ||
| 100 |
_aराजहंस , प्रतिभा _983307 |
||
| 245 |
_aसरप्राइज गिफ्ट / _cप्रतिभा राजहंस |
||
| 260 |
_aशाहदरा, दिल्ली _bरचनाकार पब्लिशिंग हाउस _c2023 |
||
| 270 |
_aडी-18, गली न., जगतपुरी विस्तार , शाहदरा, दिल्ली _bदिल्ली _e110093 _k9910143493 |
||
| 300 |
_a144पृ. _c21 सेमी (अजिल्द) |
||
| 490 | _vक | ||
| 942 |
_2ddc _cHN _hक _mराज |
||
| 999 |
_c212583 _d212583 |
||